000 00660nam a2200193 a 4500
001 000036639
005 20200930075839.0
008 120123s1995 sp 000 0 spa d
040 _aDO-SdBNP
_bspa
_cBNPHU
082 _axxxx
_bP944
245 0 0 _aPrevisiones del turismo mundial hasta el año 2000 y despues.
246 0 0 _aEl turismo hasta el 2000 y después
260 _aMadrid :
_bOrganización Mundial del Turismo,
_c1995.
300 _a85 p. ;
_c31 cm.
490 1 _aEstudios de previsión por regiones
500 0 _aSerie sobre previsiones del turismo mundial
505 0 _gv. 3
_tLas Américas
830 0 _aEstudios de previsión por regiones
_962931
999 _c36130
_d36130